Cyrano de Bergerac - A la fin de l'envoi - Statistiques

Statistiques générales
  • Ce quiz a été pris 25 fois
  • Le résultat moyen est 119 sur 177
Statistiques - réponses
Réponse % Correct
a
100%
A
100%
à
100%
j'
95%
J'
95%
touche
95%
touche.
95%
c'
91%
C'
91%
de
91%
en
91%
envoi
91%
ENVOI
91%
fin
91%
je
91%
Je
91%
l'
91%
Là,
91%
la
91%
est
86%
le
86%
Qu'
86%
qu'
86%
du
77%
77%
me
77%
qui
77%
Au
73%
au
73%
et
73%
Ma
73%
mon
73%
73%
pour
73%
une
68%
don
64%
Il
64%
manteau
64%
plus
64%
vous
64%
Vous
64%
calfeutre
59%
espadon
59%
fais
59%
grand
59%
Les
59%
mes
59%
mot
59%
rime
59%
sous
59%
suis.
59%
votre
59%
abandon
55%
avec
55%
bedon
55%
bien
55%
blanc
55%
comme
55%
eutre
55%
faire
55%
feutre,
55%
fournir
55%
manque
55%
mouche
55%
pointe
55%
préviens
55%
rompez
55%
tire
55%
vais
55%
amidon
50%
auriez
50%
cher
50%
choisis
50%
Dans
50%
Décidément
50%
larder
50%
lentement
50%
pleutre
50%
rimes...
50%
scaramouche
50%
y
50%
Attendez
45%
bleu
45%
Céladon
45%
cordon?
45%
dindon?
45%
dont
45%
escarmouche
45%
espériez
45%
flanc
45%
grâce
45%
jette
45%
neutre
45%
pare
45%
rester
45%
Agile
41%
coeur
41%
demande
41%
Dieu
41%
ding-don
41%
donc
41%
maheutre?
41%
Mirmydon
41%
ouvre
41%
pardon
41%
Prince
41%
tintent
41%
bouche
36%
broche
36%
coquilles
36%
Elégant
36%
feinte
36%
36%
Laridon
36%
ligne
36%
ta
36%
Tiens
36%
voltige:
36%
pied
32%
quarte
27%
Tac
27%
coupe
18%
Aucun quiz correspondant
Distribution des résultats
% des personnes avec chaque résultat
Percentile par nombre de réponses
Votre historique - résultats
Vous n’avez pas pris ce quiz